Guess most popular anime opening & artist by each year - Statistics

General Stats
  • This quiz has been taken 79 times
  • The average score is 29 of 165
Answer Stats
Year Answer % Correct
2003 Naruto
74%
2019 | 2021 Demon Slayer
69%
2020 Jujutsu Kaisen
66%
2012 | 2019 LiSA
66%
1999 One Piece
66%
2013 | 2017 Attack on Titan
64%
1989 Dragon Ball Z
64%
2019 Gurenge
62%
2023 Idol
62%
2023 Oshi no Ko
62%
2004 Bleach
57%
2012 Crossing Field
55%
2012 Sword Art Online
55%
2023 Yoasobi
52%
2014 Tokyo Ghoul
50%
2008 Blue Bird
48%
2024 Creepy Nuts
47%
1999 We Are!
47%
2020 Eve
45%
2022 KICK BACK
45%
2008 Naruto Shippuden
45%
2009 Fullmetal Alchemist: Brotherhood
43%
2014 Unravel
43%
2009 Again
41%
1995 Neon Genesis Evangelion
41%
2006 Code Geass
40%
2006 Flow
40%
2013 | 2017 Linked Horizon
40%
2021 Aimer
38%
2020 Kaikai Kitan
38%
2022 Kenshi Yonezu
38%
1997 Pokemon
38%
2009 YUI
38%
2006 Colors
34%
2013 Guren no Yumiya
34%
2017 Shinzo wo Sasageyo
34%
2014 TK
34%
1989 Cha-La Head Cha-La
31%
1998 Cowboy Bebop
31%
2024 Bling-Bang-Bang-Born
28%
1995 Cruel Angel's Thesis
26%
1996 Dragon Ball GT
26%
1992 Sailor Moon
26%
2003 Asian Kung-Fu Generation
24%
2008 Ikimonogakari
22%
1998 Tank!
22%
2004 *Asterisk
21%
2003 Haruka Kanata
19%
2018 UVERworld
19%
2010 Angel Beats!
17%
2004 Orange Range
17%
2011 Steins;Gate
17%
2005 | 2010 Lia
16%
1995 Yoko Takahashi
16%
2011 Hacking to the Gate
14%
2000 InuYasha
14%
1973 Doraemon
12%
2001 Hellsing
12%
2015 Kyouran Hey Kids!!
12%
2010 My Soul, Your Beats!
12%
1993 Slam Dunk
12%
2005 Air
10%
1970 Ashita no Joe
10%
2018 ODD FUTURE
10%
2000 Change the World
9%
1996 Dan Dan Kokoro Hikareteku
9%
1999 Hiroshi Kitadani
9%
2011 Kanako Ito
9%
1971 Lupin III
9%
2015 Oral Cigarettes
9%
1986 Saint Seiya
9%
2007 Tengen Toppa Gurren Lagann
9%
1998 The Seatbelts
9%
2005 Tori no Uta
9%
1976 Candy Candy
7%
2022 Chinsawman
7%
2002 Ghost In The Shell
7%
1972 Mazinger Z
7%
1997 Mezase Pokemon Master
7%
2015 Noragami Aragoto
7%
1997 Rica Matsumoto
7%
1983 Anri
5%
1983 Cat's Eye
5%
1989 Hironobu Kageyama
5%
1993 Kimi Ga Suki Da to Sakebitai
5%
1992 Moonlight Densetsu
5%
2007 Nakagawa Shoko
5%
2016 Yuri!!! on Ice
5%
1987 Bubblegum Crisis
3%
1982 Cobra
3%
2016 Dean Fujioka
3%
1996 Field of View
3%
2016 History Maker
3%
1974 | 1975 | 1978 Isao Sasaki
3%
1987 Konya wa Hurricane
3%
2007 Sorario Days
3%
1982 Space Adventure Cobra
3%
1974 Space BattleShip Yamato
3%
1980 Space Runaway Ideon
3%
1974 Uchuu Senkan Yamato
3%
1975 UFO Robot Grendizer
3%
1981 Urusei Yatsura
3%
2000 V6
3%
2021 Zankyou Zanka
3%
1984 Ai o Torimodose!!
2%
1993 Baad
2%
1984 Crystal King
2%
1992 DALI
2%
1985 Dirty Pair
2%
1973 Doraemon no Uta
2%
1978 Galaxy Express 999
2%
2002 Inner Universe
2%
1981 Lum no Love
2%
1994 Magic Knight Rayearth
2%
1986 MAKE-UP
2%
2024 Mashle S2
2%
2018 My Hero Academia S3
2%
2002 Origa
2%
1986 Pegasus Fantasy
2%
1975 Tobe! Grendizer
2%
1994 Yuzurenai Negai
2%
1988 Azumi Inoue
0%
1990 Blue Water
0%
1971 Charlie Kosei
0%
1980 Fukkatsu no Ideon
0%
1990 Fushigi no Umi no Nadia
0%
1991 G-GRIP
0%
1978 Ginga Tetsudou 999
0%
1984 Hakuto no Ken
0%
1973 Harumi Naito
0%
1972 Ichiro Mizuki
0%
1991 I'll come
0%
1970 Isao Bitoh
0%
1980 Isao Taira
0%
1987 Kinuko Omori
0%
1979 Koh Ikeda
0%
2001 Logos Naki World
0%
1977 Lupin III Part II
0%
1971 Lupin Sansei Sono
0%
1985 Meiko Nakahara
0%
1990 Miko Morikawa
0%
1976 Mitsuko Horie
0%
1979 Moblie Suit Gundam
0%
1988 My Neighbor Totoro
0%
1994 Naomi Tamura
0%
1985 Ro Ro Ro Russian Roulette
0%
1988 Sanpo
0%
1991 Shinseiki GPX Cyber Fromula
0%
1977 THEME FROM LUPIN III
0%
1979 Tobe! Gundam
0%
2001 Yasushi Ishii
0%
1982 Yoko Maeno
0%
1977 Yuji Ohno
0%
1981 Yuuko Matsutani
0%
No matching quizzes found
Score Distribution
Percent of People with Each Score
Percentile by Number Answered
Your Score History
You have not taken this quiz